PEWDIEPIE - Statistics

General Stats
  • This quiz has been taken 275 times
  • The average score is 6 of 11
Answer Stats
Hint Answer % Correct
pewdiepies real name? felix
87%
nationality? swedish
84%
how many eyes does maya have? 1
83%
pewidiepies girlfriend? marzia
80%
fridays with...? pewdiepie
72%
what is the name of his black pug? edgar
59%
how old is pewdiepie? 25
50%
favorite animal? pug
38%
his fanbase is called? the bros
9%
pewdiepie is...? fabulous
6%
birthday? 24/10
2%
No matching quizzes found
Score Distribution
Percent of People with Each Score
Percentile by Number Answered
Your Score History
You have not taken this quiz